| 000 | 00767nam a2200205Ii 4500 | ||
|---|---|---|---|
| 003 | JO-AjNU | ||
| 008 | 230605s9999||||xx |||||||||||||| ||und|| | ||
| 040 |
_aJO-AjNU _bara _erda _cJO-AjNU |
||
| 041 | _aara | ||
| 050 | 1 | 4 | _aPJ7534.M6 1959 |
| 100 | 3 |
_aتأليف حسين، محمد كامل, _eauthor _97552 |
|
| 245 | 0 | 0 | _aالحياة الفكرية والأدبية بمصر من الفتح العربي حتى آخر الدولة الفاطمية |
| 264 | 3 | 1 | _aالقاهرة: مكتبة النهضة، 1959 |
| 300 | _a243ص | ||
| 336 |
_atext _btxt _2rdacontent |
||
| 337 |
_aunmediated _bn _2rdamedia |
||
| 338 |
_avolume _bnc _2rdacarrier |
||
| 490 | 0 | _aالألف كتاب (رقم244) | |
| 650 | 4 |
_aالأدب العربي - مصر - تاريخ ونقد _97553 |
|
| 999 |
_aA337 _c3905 _d3905 |
||